000 00550nam a2200193Ia 4500
001 4248
003 GE_BSU
008 181216s||||||||xx |||||||||||||| ||und||
040 _cGE_BSU
080 _a622.276.5(075.32)
100 _aМуравьев,В.М.
245 _aЭксплуатация нефтяных и газовых скважин
260 _aМ.
260 _bНедра.
260 _c1973.
300 _a384 стр. 22 см.
653 _aЭксплуатация нефтяных и газовых скважин.
942 _cBK
999 _c38258
_d38258